<?xml version="1.0" encoding="UTF-8"?>
<record
    xmlns:xsi="http://www.w3.org/2001/XMLSchema-instance"
    xsi:schemaLocation="http://www.loc.gov/MARC21/slim http://www.loc.gov/standards/marcxml/schema/MARC21slim.xsd"
    xmlns="http://www.loc.gov/MARC21/slim">

  <leader>03147    a2200229   4500</leader>
  <controlfield tag="001">23174</controlfield>
  <controlfield tag="005">20260407155520.0</controlfield>
  <controlfield tag="008">260407a1965    arg                 spa d</controlfield>
  <controlfield tag="003">AR-UNSa-BCEJYS</controlfield>
  <datafield tag="040" ind1=" " ind2=" ">
    <subfield code="a">AR-UNSa-BCEJYS</subfield>
    <subfield code="b">spa</subfield>
    <subfield code="c">AR-UNSa-BCEJYS</subfield>
  </datafield>
  <datafield tag="080" ind1=" " ind2=" ">
    <subfield code="a">330</subfield>
    <subfield code="x">Econom&#xED;a en general</subfield>
  </datafield>
  <datafield tag="245" ind1="1" ind2="0">
    <subfield code="a">Curso de econom&#xED;a moderna</subfield>
    <subfield code="p">una descripci&#xF3;n an&#xE1;litica de la realidad econ&#xF3;mica</subfield>
  </datafield>
  <datafield tag="250" ind1=" " ind2=" ">
    <subfield code="a">12a. ed</subfield>
  </datafield>
  <datafield tag="264" ind1=" " ind2="1">
    <subfield code="a">Madrid :</subfield>
    <subfield code="b">Aguilar</subfield>
    <subfield code="c">1965</subfield>
  </datafield>
  <datafield tag="300" ind1=" " ind2=" ">
    <subfield code="a">xvii, 897 p.</subfield>
    <subfield code="c">21 cm.</subfield>
  </datafield>
  <datafield tag="505" ind1=" " ind2=" ">
    <subfield code="a">Parte I : Conceptos basicos de economia y la renta nacional : 1. Introducci&#xF3;n - 2. Los problemas centrales de toda la sociedad economica - 3. Funcionamiento del sistema "mixto" de empresa capitalista - 4. Elementos de la oferta y la demanda - 5. Las empresas: su organizaci&#xF3;n e ingresos - 6. Ingresos individuales y familiares - 7. La econ&#xF3;mia individual y los seguros sociales - 8. Los trabajadores y las relaciones industriales - 9. La funci&#xF3;n econ&#xF3;mica del estado: El gasto publico, la regulaci&#xF3;n de la actividad econ&#xF3;mica y la financiaci&#xF3;n del gasto - 10. La funci&#xF3;n econ&#xF3;mica del estado: Los impuestos federales y las haciendas locales - 11. La renta y productos nacionales -  Parte II : La renta Nacional : Su determinaci&#xF3;n y sus fluctuaciones : 12. Ahorro, consumo e inversi&#xF3;n - 13. La teor&#xED;a de la determinaci&#xF3;n de la renta - 14. El ciclo econ&#xF3;micon y su previsi&#xF3;n - 15. Precios y dinero - 16. El sistema bancario y de la creaci&#xF3;n de dep&#xF3;sitos - 17. La politica monetaria de la banca central - 18. S&#xED;ntesis de la pol&#xED;tica monetaria y de la teoria de la renta - 19. Pol&#xED;tica fiscal y el pleno empleo sin inflaci&#xF3;n - Parte III: Los precios de la producci&#xF3;n nacional : su composici&#xF3;n y determinaci&#xF3;n : 20. Determinaci&#xF3;n del precio por la oferta y la demanda - 21. La teor&#xED;a de la utilidad y la demanda - 22. El coste y la oferta - 23. La oferta y la demanda aplicadas a la agricultura - 24. El equilibrio de la empresa: costes e ingresos - 25. La competencia imperfecta y la politica antimonopolista - Parte IV: Distribuci&#xF3;n de la renta : Formaci&#xF3;n de los precios de los factores de la producci&#xF3;n : 26. Teor&#xED;a de la producci&#xF3;n y de la productividad marginal - 27. Formaci&#xF3;n de los precios de los factores de la producci&#xF3;n: rentas de la tierra y otros recursos naturales - 28. Los Salarios de competencia y las negociaciones colectivas - 29. El interes y el capital - 30. Beneficios y alicientes - Parte V : El comercio y las finanzas internacionales : 31. La balaza de pagos internacionales - 32. El comercio internacional y la teoria de los costes comparativos - 33.Teor&#xED;as sobre protecci&#xF3;n arancelaria y libertad de comercio - 34. Los problemas economicos internacionales de la actualidad - Parte VI: Problemas econ&#xF3;micos actuales : 35. Problemas del crecimiento y desarrollo econ&#xF3;mico - 36. Problemas del crecimiento Econ&#xF3;mico y de la estabilidad de los precios en una econ&#xF3;mia avanzada - 37. Los distintos sistemas economicos.</subfield>
  </datafield>
  <datafield tag="942" ind1=" " ind2=" ">
    <subfield code="c">BK</subfield>
  </datafield>
  <datafield tag="590" ind1=" " ind2=" ">
    <subfield code="a">niveau_biblio:m niveau_hierar:0</subfield>
  </datafield>
  <datafield tag="100" ind1="1" ind2=" ">
    <subfield code="a">Samuelson, Paul A.</subfield>
  </datafield>
  <datafield tag="700" ind1="1" ind2=" ">
    <subfield code="a">Sampedro, Jos&#xE9; Luis</subfield>
  </datafield>
  <datafield tag="700" ind1="1" ind2=" ">
    <subfield code="a">Barinaga Blanco, Jose Luis</subfield>
  </datafield>
  <datafield tag="999" ind1=" " ind2=" ">
    <subfield code="c">1089</subfield>
    <subfield code="d">1089</subfield>
  </datafield>
  <datafield tag="952" ind1=" " ind2=" ">
    <subfield code="0">0</subfield>
    <subfield code="1">0</subfield>
    <subfield code="4">0</subfield>
    <subfield code="7">0</subfield>
    <subfield code="a">BCEJYS</subfield>
    <subfield code="b">BCEJYS</subfield>
    <subfield code="c">16</subfield>
    <subfield code="d">2026-04-07</subfield>
    <subfield code="l">0</subfield>
    <subfield code="o">330 S187c 12ed.</subfield>
    <subfield code="p">L20817</subfield>
    <subfield code="r">2026-04-07 15:55:20</subfield>
    <subfield code="w">2026-04-07</subfield>
    <subfield code="y">L</subfield>
  </datafield>
  <datafield tag="952" ind1=" " ind2=" ">
    <subfield code="0">0</subfield>
    <subfield code="1">0</subfield>
    <subfield code="4">0</subfield>
    <subfield code="7">0</subfield>
    <subfield code="a">BCEJYS</subfield>
    <subfield code="b">BCEJYS</subfield>
    <subfield code="c">16</subfield>
    <subfield code="d">2026-04-07</subfield>
    <subfield code="l">0</subfield>
    <subfield code="o">330 S187c 12ed.</subfield>
    <subfield code="p">L20818</subfield>
    <subfield code="r">2026-04-07 15:55:20</subfield>
    <subfield code="w">2026-04-07</subfield>
    <subfield code="y">L</subfield>
  </datafield>
  <datafield tag="952" ind1=" " ind2=" ">
    <subfield code="0">0</subfield>
    <subfield code="1">0</subfield>
    <subfield code="4">0</subfield>
    <subfield code="7">0</subfield>
    <subfield code="a">BCEJYS</subfield>
    <subfield code="b">BCEJYS</subfield>
    <subfield code="c">16</subfield>
    <subfield code="d">2026-04-07</subfield>
    <subfield code="l">0</subfield>
    <subfield code="o">330 S187c 12ed.</subfield>
    <subfield code="p">L20819</subfield>
    <subfield code="r">2026-04-07 15:55:20</subfield>
    <subfield code="w">2026-04-07</subfield>
    <subfield code="y">L</subfield>
  </datafield>
</record>
